[Event "Hamar Ridabu School-ch C"]
[Site "Hamar"]
[Date "2016.02.18"]
[Round "4"]
[White "Teum, Erlend"]
[Black "Rognerud, Sigurd"]
[Result "1/2-1/2"]
[WhiteElo "960"]
[BlackElo "1195"]
[PlyCount "23"]
[EventDate "2016.01.07"]
[EventType "swiss"]
[EventRounds "9"]
[EventCountry "NOR"]
[SourceTitle "EXT 2024"]
[Source "ChessBase"]
[SourceDate "2023.10.10"]
[SourceVersion "1"]
[SourceVersionDate "2023.10.10"]
[SourceQuality "1"]

1. e4 Nc6 2. d4 d5 3. e5 e6 4. Nf3 a6 5. Bd3 Nb4 6. a3 Nxd3+ 7. Qxd3 Be7 8. c4 Bd7 9. cxd5 Bb5 10. Qb3 Qxd5 11. Qxd5 exd5 12. a4 1/2-1/2

[Event "Hamar op C"]
[Site "Hamar"]
[Date "2015.10.15"]
[Round "4"]
[White "Nordby, Espen"]
[Black "Rognerud, Sigurd"]
[Result "0-1"]
[WhiteElo "694"]
[BlackElo "1245"]
[PlyCount "50"]
[EventDate "2015.09.03"]
[EventType "swiss"]
[EventRounds "7"]
[EventCountry "NOR"]
[SourceTitle "EXT 2024"]
[Source "ChessBase"]
[SourceDate "2023.10.10"]
[SourceVersion "1"]
[SourceVersionDate "2023.10.10"]
[SourceQuality "1"]

1. d4 d5 2. Nf3 Nc6 3. Nc3 Nf6 4. g3 Bg4 5. Bg2 h6 6. 0-0 Qd7 7. Ne5 Qe6 8. Nb5 Rc8 9. Bf4 a6 10. Nc3 g5 11. Be3 Bg7 12. h3 Bxh3 13. f4 Bxg2 14. Kxg2 g4 15. Rh1 Rd8 16. Qf1 Qf5 17. Qd1 h5 18. Qd3 Ne4 19. Raf1 Nb4 20. Qd1 Nxc3 21. bxc3 Qe4+ 22. Kh2 Qxe3 23. Nd3 Nxd3 24. cxd3 h4 25. gxh4 Rxh4+ 0-1

[Event "Hamar op B"]
[Site "Hamar"]
[Date "2014.11.06"]
[Round "5"]
[White "Skjerve, Petter"]
[Black "Rognerud, Sigurd"]
[Result "1/2-1/2"]
[WhiteElo "1254"]
[BlackElo "1366"]
[PlyCount "89"]
[EventDate "2014.09.04"]
[EventType "swiss"]
[EventRounds "9"]
[EventCountry "NOR"]
[SourceTitle "EXT 2024"]
[Source "ChessBase"]
[SourceDate "2023.10.10"]
[SourceVersion "1"]
[SourceVersionDate "2023.10.10"]
[SourceQuality "1"]

1. c4 e5 2. Nc3 f5 3. e4 Nf6 4. exf5 Bc5 5. d3 d6 6. Be3 Bxe3 7. fxe3 Bxf5 8. e4 Be6 9. Be2 Nc6 10. h3 Nd4 11. Nf3 Nxf3+ 12. Bxf3 Qd7 13. Nd5 0-0-0 14. 0-0 c6 15. Ne3 g6 16. Rc1 h5 17. Rc2 Rdf8 18. b4 g5 19. g4 hxg4 20. Nxg4 Nh5 21. Nxe5 dxe5 22. Bxh5 Qd4+ 23. Kg2 Qe3 24. Rxf8+ Rxf8 25. Bg4 Bxg4 26. Qxg4+ Kc7 27. Qg3 Qxg3+ 28. Kxg3 Rf1 29. Kg4 Rg1+ 30. Kf5 Rg3 31. Kxe5 Rxd3 32. Rg2 Rxh3 33. Rxg5 Ra3 34. Rg2 a6 35. Ke6 Rc3 36. c5 Rd3 37. e5 Rd4 38. a3 Rd3 39. Rg7+ Kc8 40. Kf7 Rd7+ 41. Kf6 Rd8 42. Rg5 Rf8+ 43. Ke6 Re8+ 44. Kf7 Kd7 45. e6+ 1/2-1/2

[Event "Hamar CC-ch"]
[Site "Hamar"]
[Date "2014.05.08"]
[Round "9"]
[White "Eriksen, Leander"]
[Black "Rognerud, Sigurd"]
[Result "0-1"]
[WhiteElo "769"]
[BlackElo "1396"]
[PlyCount "44"]
[EventDate "2014.01.09"]
[EventType "swiss"]
[EventRounds "9"]
[EventCountry "NOR"]
[SourceTitle "EXT 2024"]
[Source "ChessBase"]
[SourceDate "2023.10.10"]
[SourceVersion "1"]
[SourceVersionDate "2023.10.10"]
[SourceQuality "1"]

1. e4 Nc6 2. Nf3 e5 3. d4 exd4 4. Nxd4 Nxd4 5. Qxd4 d6 6. Bc4 Qe7 7. Nc3 Be6 8. Nd5 Bxd5 9. Qxd5 c6 10. Qd4 Qe5 11. Qe3 Nf6 12. f3 d5 13. Bb3 Rd8 14. f4 Qxe4 15. Qxe4+ Nxe4 16. 0-0 Bc5+ 17. Kh1 f5 18. c3 0-0 19. Bc2 Rde8 20. b4 Bb6 21. Re1 Nf2+ 22. Kg1 Rxe1# 0-1